000 00589nam a2200193Ia 4500
005 20260114185802.0
008 008 260114s9999 xx 000 0 eng d
020 _a9781501330087
037 _aEBOOK
040 _aCRL
_beng
_cCRL
041 _aeng
_2eng
084 _qCRL
100 _aSharon Hecker and Marin R. Sullivan
_9874386
245 0 _aPostwar Italian Art History Today Untying 'the Knot'
260 _bBloomsbury
_c2018
856 _uhttps://doi.org/10.5040/9781501330087?locatt=label:secondary_bloomsburyCollections
942 _cEBOOK
999 _c1473320
_d1473320